| 000 | 00606cam a2200229ua 4500 | ||
|---|---|---|---|
| 001 | 9356 | ||
| 008 | 150807n ii |||gr||||Z||||||asm | ||
| 020 | _a9788191098334 | ||
| 040 | _cMAIN | ||
| 041 | _aasm | ||
| 082 | _a370.1 | ||
| 100 |
_aChaliha, Beda Kumar, _eAuthor. |
||
| 245 | 1 | 3 |
_aSnatak mahalar siksha tatta (Sikshar vitti) _cby Beda Kumar Chaliha |
| 250 | _a5th rev ed. | ||
| 260 |
_aJorhat: _bBidya Bhawan, _c2012-13. |
||
| 300 | _a343p. | ||
| 653 | _aEducation | ||
| 653 | _aEducational theory | ||
| 700 |
_aSaikia, Tarun, _eAuthor. |
||
| 700 |
_aSaikia, Runu Bora, _eAuthor. |
||
| 942 | _cBK | ||
| 999 |
_c8416 _d8416 |
||